| 000 | 00919cam a2200277 i 4500 | ||
|---|---|---|---|
| 001 | 2235487 | ||
| 003 | OSt | ||
| 005 | 20250901165748.0 | ||
| 008 | 761028s1977 mau 000 1 eng | ||
| 010 | _a 76050141 | ||
| 020 |
_a0395251710 : _c$6.95 |
||
| 040 |
_aDLC _cDLC _dDLC |
||
| 050 | 0 | 0 |
_aPZ 4 .V2394 De 1977 _bDe 1977 _aPS3572.A4292 |
| 082 | 0 | 0 | _a823 |
| 100 | 1 |
_aVan de Wetering, Janwillem, _d1931-2008. |
|
| 245 | 1 | 0 |
_aDeath of a hawker / _cJanwillem van de Wetering. |
| 260 |
_aBoston : _bHoughton Mifflin, _c1977. |
||
| 300 |
_a185 p. ; _c22 cm. |
||
| 650 | 0 |
_aGrijpstra, Henk (Fictitious character) _vFiction. |
|
| 650 | 0 |
_aDeGier, Rinus (Fictitious character) _vFiction. |
|
| 650 | 0 |
_aPolice _zNetherlands _zAmsterdam _vFiction. |
|
| 651 | 0 |
_aAmsterdam (Netherlands) _vFiction. |
|
| 655 | 7 |
_aDetective and mystery stories. _2gsafd |
|
| 906 |
_a7 _bcbc _corignew _d1 _eocip _f19 _gy-gencatlg |
||
| 942 |
_2lcc _cBK |
||
| 999 |
_c8916 _d8916 |
||